000 00556nam a2200181 i 4500
001 37223
003 ES-MaACL
005 20230906155528.0
007 t|
008 030220s1970 sp ||||1| spa d
100 1 _aBuck, Pearl S. (
_d1892-1973)
_932316
245 1 4 _aLas tres hijas de Madame Liang /
_cPearl S. Buck ; [versión María del Carmen Azpiazu].
250 _a1ª ed.
260 _aBarcelona :
_bLuis de Caralt,
_c[1970]
300 _a280 p. ;
_c20 cm.
700 1 _aAzpiazu, María del Carmen.
_924352
852 _aES-MaACL
_jC-39633
_bR.75944
999 _c37223
_d37223